| 000 | 01567nam a22002777a 4500 | ||
|---|---|---|---|
| 003 | Uzh_bibl | ||
| 008 | 250401b |||||||| |||| 00| 0 ukr d | ||
| 020 |
_a966-575-007-1 _c14.96 |
||
| 040 | _bукр. | ||
| 041 |
_2ukr _aukr |
||
| 080 | _a726.6(477) | ||
| 090 |
_a726.6(477) _bР 56 |
||
| 100 | _aРичков , Петро | ||
| 245 |
_aСакральне мистецтво Володимира-Волинського. _cРед. О.Г. Гриценко _hТекст |
||
| 260 |
_aКиїв _bТехніка _c2004 |
||
| 300 |
_a192 с. _bІл. |
||
| 490 | _aНаціональні святині України | ||
| 520 | _a Книжку присвячено одному з найцікавіших регіонів західної України. Автори висвітлюють архітектурно-мистецьку еволюцію численних пам’яток від давньоруської доби до часів просвітництва – визначних монастирських ансамблів та православних і католицьких храмів. | ||
| 521 | _aДля широкого кола читачів | ||
| 546 | _aукр. | ||
| 650 | _aНауково-популярне видання | ||
| 653 |
_aІсторія і архітектура. _aАнсамбль Зимнівського монастиря. _aМонастир у Низкиничах.. |
||
| 655 |
_aРелігія _vТуристичний путівник |
||
| 700 | _aЛуц, Віктор | ||
| 942 |
_2udc _cBK |
||
| 999 |
_c17430 _d17430 |
||